| 000 | 00953nam a2200193 a 4500 | ||
|---|---|---|---|
| 001 | 000026912 | ||
| 005 | 20250924073802.0 | ||
| 008 | 110328s1994 dr d 000 0 spa d | ||
| 040 |
_aDO-SdBNP _bspa _cBNPHU |
||
| 082 |
_axxxx _bA532c |
||
| 110 | 1 |
_aRepública Dominicana. _bUniversidad Autónoma de Santo Domingo. _bUnidad de Investigaciones Económicas. _bDepartamento de Economía Facultad de Ciencias Económicas y Sociales _954020 |
|
| 245 | 1 | 0 |
_aInforme cuatrimestral 1994 : _bAnálisis conyuntural de la economía Dominicana período mayo-agosto de 1994 / _cpresentación América Bastidas Castañeda. |
| 260 |
_aSanto Domingo : _bUniversidad Autónoma de Santo Domingo, _c1994. |
||
| 300 |
_a61 p. : _bdiagr. ; _c20 cm. |
||
| 490 | 1 |
_aPublicaciones de la Universidad Autónoma de Santo Domingo _v732 |
|
| 700 | 1 |
_aBastidas Castañeda, América _932079 |
|
| 830 |
_aPublicaciones de la Universidad Autónoma de Santo Domingo _v732 _952 |
||
| 049 | _aBNPD | ||
| 999 |
_c26404 _d26404 |
||